1316 1899 1511 1951 1163 1105 1024 1013 1521 1212 1187 1186 1416 1219 1183 1571 1436 1611 1646 1647 1071 1349 1478 1589 1012 1740 1733 1442 1889 1037 1565 1570 1078 1948 1744 1532 1346 1911 1244 1824 1300 1457 1490 1182 1561 1450 1829 1126 1201 1630 1669 1760 1043 1840 1170 1545 1226 1504 1902 1094 1906 1588 1563 1641 1790 1710 1434 1473 1140 1766 1975 1782 1313 1917 1972 1678 1554 1612 1981 1883 1523 1228 1061 1434 1013 1512 1511 1189 1580 1040 1117 1429 1984 1789 1293 1734 1263 1773 1663 BCNSPRNW ULIB Ver.6.0+V

เปลี่ยนเป็นภาษาไทย

Change to English
 แสดงรายละเอียดบรรณานุกรม
  กลับหน้าหลัก

Brief Record : Get Marc (ISO 2709) : E-mail record : QR code < ปิดหน้าต่าง
LEADER : 00000nam 2200000uu 4500
001    13399121396
003     ULIB
008    121116s2554||||th 000 0 tha d
099    ^aวจ. WB50.JT3^bณ313ร
100 0  ^aณัฏฐิญา ค้าผล
245 10 ^aรายงานวิจัยความคิดเห็นของบุคลากรสาธารณสุขต่อยาจากสมุนไพรและนโยบายการส่งเสริมการใช้ยาจากสมุนไพรในสถานบริการสาธารณสุข=^bViews of health professionals on herbal medicine and policy for promotion of herbal medicine use in health care settings /^cโดย ณัฏฐิญา ค้าผล ... [และคนอื่นๆ]
246 30 ^aความคิดเห็นของบุคลากรสาธารณสุขต่อยาจากสมุนไพรและนโยบายการส่งเสริมการใช้ยาจากสมุนไพรในสถานบริการสาธารณสุข
246 31 ^aViews of health professionals on herbal medicine and policy for promotion of herbal medicine use in health care settings
250    ^aพิมพ์ครั้งที่ 1
260    ^aนนทบุรี :^bโครงการประเมินเทคโนโลยีและนโยบายด้านสุขภาพ,^c2554
300    ^axii, 76 หน้า :^bภาพประกอบ ;^c24 ซม.
500    ^aผู้วิจัยร่วม : คัคนางค์ โตสงวน, มนทรัตม์ ถาวรเจริญทรัพย์, เนติ สุขสมบูรณ์, วันทนีย์ กุลเพ็ง, ศรีเพ็ญ ตันติเวสส, ยศ ตีระวัฒนานนท์
500    ^aSend to Single Search
504    ^aมีบรรณานุกรม
536    ^aได้รับทุนสนับสนุนจาก สำนักงานกองทุนสนับสนุนการสร้างเสริมสุขภาพ (สสส.)
650  2 ^aHerbs, Medicinal^xtherapeutic use^vresearch
650  4 ^aสมุนไพร^xการใช้รักษา^vวิจัย
650  4 ^aยาแผนโบราณ^xการใช้รักษา^vวิจัย
650  4 ^aการแพทย์แผนไทย^vวิจัย
650  4 ^aบุคลากรสาธารณสุข^xทัศนคติ^vวิจัย
650  4 ^aวิจัย
700 0  ^aคัคนางค์ โตสงวน
700 0  ^aมนทรัตม์ ถาวรเจริญทรัพย์
700 0  ^aเนติ สุขสมบูรณ์
700 0  ^aวันทนีย์ กุลเพ็ง
700 0  ^aคศรีเพ็ญ ตันติเวสส
700 0  ^aยศ ตีระวัฒนานนท์
710 2  ^aโครงการประเมินเทคโนโลยีและนโยบายด้านสุขภาพ
710 2  ^aมหาวิทยาลัยมหิดล. ^bคณะเภสัชศาสตร์
710 2  ^aสำนักงานกองทุนสนับสนุนการสร้างเสริมสุขภาพ
945    ^p0^l0^i033120
995    ^a เกษร
999    ^aใช้งานได้ทุกระบบ
รายการนี้ยังไม่มีแท็ก
คุณยังไม่ได้ล็อกอิน คุณสามารถมีกิจกรรมร่วมกับเว็บไซต์ได้ แต่ต้องล็อกอินก่อน ::
  ล็อกอิน

รายการสื่อสารสนเทศ

ลำดับที่ ประเภท เลขเรียก/บาร์โค้ด สถานที่ สถานะ
1. งานวิจัย
งานวิจัย
วจ. WB50.JT3 ณ313ร  
  Barcode: 033120
ห้องสมุดวิทยาเขตสวรรค์ประชารักษ์
►วิจัย
บนชั้น

รายการใกล้เคียง
    หัวเรื่อง [วิจัย]

BibComment


ยังไม่เคยถูกคอมเมนท์

คอมเมนท์ทรัพยากรรายการนี้
  คอมเมนท์: รายงานวิจัยความค..


 Copyright 2026. Bcnsprnw @Library